[Event "HUN-chT2 Asztalos 1819"]
[Site "Hungary"]
[Date "2019.01.27"]
[Round "4.6"]
[White "Zsigmond, Karoly"]
[Black "Horvath, Gergely1111"]
[Result "1/2-1/2"]
[WhiteElo "1941"]
[BlackElo "1728"]
[PlyCount "73"]
[EventDate "2018.10.28"]
[EventType "team-tourn"]
[EventRounds "9"]
[EventCountry "HUN"]
[SourceTitle "CBM 189 Extra"]
[Source "ChessBase"]
[SourceDate "2019.06.03"]
[SourceVersion "1"]
[SourceVersionDate "2019.06.03"]
[SourceQuality "1"]
[WhiteTeam "Kiraly Sakk"]
[BlackTeam "Szentlorinc"]
[WhiteTeamCountry "HUN"]
[BlackTeamCountry "HUN"]

1. d4 d5 2. Bf4 Nf6 3. Nd2 Bf5 4. e3 e6 5. Ngf3 Bd6 6. Ne5 Nbd7 7. Ndf3 Qe7 8. Bd3 Ne4 9. c3 f6 10. Nxd7 Qxd7 11. Bxd6 Nxd6 12. 0-0 0-0 13. Re1 Rae8 14. Bxf5 exf5 15. Qb3 c6 16. Nd2 b5 17. Qc2 Ne4 18. Nb3 Re7 19. Nc1 Rfe8 20. Nd3 Nd6 21. g3 g5 22. a4 f4 23. exf4 Rxe1+ 24. Rxe1 Rxe1+ 25. Nxe1 gxf4 26. axb5 fxg3 27. fxg3 Qe6 28. Ng2 cxb5 29. Qd3 a5 30. Nf4 Qe4 31. Kf2 a4 32. Qe2 f5 33. Qxe4 dxe4 34. Nd5 Kf7 35. Nc7 Kf6 36. Ke2 h6 37. Kd2 1/2-1/2

[Event "HUN-chT2 Asztalos 1314"]
[Site "Hungary"]
[Date "2014.02.16"]
[Round "5"]
[White "Zsigmond, Karoly"]
[Black "Kiss, Tamas B"]
[Result "1-0"]
[WhiteElo "2076"]
[BlackElo "1996"]
[PlyCount "91"]
[EventDate "2013.09.08"]
[EventType "team-tourn"]
[EventRounds "9"]
[EventCountry "HUN"]
[SourceTitle "EXT 2016"]
[Source "ChessBase"]
[SourceDate "2015.10.08"]
[SourceVersion "1"]
[SourceVersionDate "2015.10.08"]
[SourceQuality "1"]
[WhiteTeam "Kiraly Sakk"]
[BlackTeam "Pecs Karmin"]
[WhiteTeamCountry "HUN"]
[BlackTeamCountry "HUN"]

1. e4 d6 2. d4 Nf6 3. Nc3 g6 4. f4 Bg7 5. Be2 h5 6. h3 c6 7. Be3 b5 8. e5 Nfd7 9. Nf3 Nb6 10. 0-0 Bf5 11. Nh4 b4 12. Nxf5 gxf5 13. Nb1 Nd5 14. Bc1 Qb6 15. Kh1 h4 16. c4 bxc3 17. bxc3 dxe5 18. fxe5 e6 19. c4 Ne7 20. Ba3 Nd7 21. Qd2 Bh6 22. Qd3 Ng6 23. Bf3 Rc8 24. Nc3 Nf4 25. Qd1 Qa5 26. Na4 Rg8 27. Bc1 c5 28. Bd2 Qc7 29. Qc1 Nd3 30. Qc2 Nb4 31. Bxb4 cxb4 32. c5 Kf8 33. Nb2 Kg7 34. Nc4 Nxc5 35. dxc5 Qxc5 36. Be2 Kh7 37. Qd3 Rcd8 38. Qf3 Rg3 39. Qh5 Rdg8 40. Qxf7+ R8g7 41. Qxe6 Rxg2 42. Bf3 R2g3 43. Qxf5+ Kh8 44. Nd6 Bf4 45. Ne4 Qc2 46. Nxg3 1-0

[Event "HUN-chT2 Asztalos 1213"]
[Site "Hungary"]
[Date "2013.02.17"]
[Round "7.2"]
[White "Zsigmond, Karoly"]
[Black "Mathe, Gaspar"]
[Result "0-1"]
[WhiteElo "2087"]
[BlackElo "2330"]
[PlyCount "80"]
[EventDate "2012.09.16"]
[EventType "team-tourn"]
[EventRounds "9"]
[EventCountry "HUN"]
[SourceTitle "EXT 2014"]
[Source "ChessBase"]
[SourceDate "2013.11.20"]
[SourceVersion "1"]
[SourceVersionDate "2013.11.20"]
[SourceQuality "1"]
[WhiteTeam "Dunaujvaros"]
[BlackTeam "Nagyatad"]
[WhiteTeamCountry "HUN"]
[BlackTeamCountry "HUN"]

1. d4 Nf6 2. c4 e6 3. Nf3 Bb4+ 4. Bd2 Qe7 5. Nc3 b6 6. g3 Bxc3 7. Bxc3 Ne4 8. Bg2 Bb7 9. 0-0 Nxc3 10. bxc3 d6 11. Re1 e5 12. Qb3 c5 13. e3 0-0 14. d5 Nd7 15. a4 f5 16. Nd2 Nf6 17. a5 bxa5 18. Rxa5 Qc7 19. Ra3 Rfb8 20. Qc2 Bc8 21. Rea1 Rb6 22. Rb3 Rab8 23. Qa2 Ra6 24. Qb2 Rxa1+ 25. Qxa1 Rxb3 26. Nxb3 Qb6 27. Qa5 Qxa5 28. Nxa5 Kf8 29. Bf3 Bd7 30. Kf1 Ke7 31. Ke1 Kd8 32. Kd2 Ba4 33. Bd1 Ne4+ 34. Ke1 Bd7 35. f3 Nxc3 36. Kd2 Na4 37. Bc2 Kc7 38. Bb1 Nb2 39. Nb3 a6 40. h4 Kb6 0-1

[Event "HUN-chT2 Asztalos 1112"]
[Site "Hungary"]
[Date "2011.11.27"]
[Round "4.3"]
[White "Zsigmond, Karoly"]
[Black "Vince, Andrea"]
[Result "0-1"]
[WhiteElo "2078"]
[BlackElo "2132"]
[PlyCount "40"]
[EventDate "2011.09.25"]
[EventType "team-tourn"]
[EventRounds "11"]
[EventCountry "HUN"]
[SourceTitle "EXT 2013"]
[Source "ChessBase"]
[SourceDate "2012.11.22"]
[SourceVersion "1"]
[SourceVersionDate "2012.11.22"]
[SourceQuality "1"]
[WhiteTeam "Dunaujvaros"]
[BlackTeam "Decs II"]
[WhiteTeamCountry "HUN"]
[BlackTeamCountry "HUN"]

1. e4 c5 2. d4 cxd4 3. c3 d3 4. Bxd3 Nc6 5. Nf3 d6 6. 0-0 Nf6 7. h3 g6 8. Qe2 Bg7 9. Bf4 0-0 10. Na3 a6 11. Nc2 Nh5 12. Bg5 Qb6 13. Rab1 Ng3 14. Qd2 Nxf1 15. Bxf1 Be6 16. b3 Qa5 17. Nb4 Rfc8 18. Nd5 Bxd5 19. b4 Qxa2 20. Rb2 Qa3 0-1

[Event "HUN-chT2 Asztalos 0910"]
[Site "Hungary"]
[Date "2010.01.31"]
[Round "5"]
[White "Zsigmond, Karoly"]
[Black "Jonas, Zsolt"]
[Result "0-1"]
[WhiteElo "2062"]
[BlackElo "2146"]
[PlyCount "94"]
[EventDate "2009.11.08"]
[EventType "team-tourn"]
[EventRounds "11"]
[EventCountry "HUN"]
[SourceTitle "EXT 2011"]
[Source "ChessBase"]
[SourceDate "2010.11.26"]
[SourceVersion "1"]
[SourceVersionDate "2010.11.26"]
[SourceQuality "1"]
[WhiteTeam "Dunaujvaros"]
[BlackTeam "Veszprem"]
[WhiteTeamCountry "HUN"]
[BlackTeamCountry "HUN"]

1. d4 d6 2. e4 Nd7 3. Nf3 e6 4. c4 c5 5. d5 e5 6. Be2 Ne7 7. Bg5 h6 8. Bxe7 Bxe7 9. Nc3 0-0 10. 0-0 Re8 11. Qc2 Nf8 12. Ne1 Ng6 13. Nd3 Bg5 14. Rab1 Rf8 15. b4 b6 16. bxc5 bxc5 17. Qa4 Bd2 18. Qc2 Qg5 19. Rfd1 Bh3 20. Bf1 Bxc3 21. Qxc3 Bg4 22. Rd2 Bf3 23. Re1 Nh4 24. Re3 Bxg2 25. Rg3 Nf3+ 26. Kxg2 Qxd2 27. Qa3 Ne1+ 28. Nxe1 Qxe1 29. Qf3 Kh8 30. Qg4 g6 31. Bd3 Qd2 32. Re3 Qxa2 33. Qh4 Kg7 34. Qe7 Qa6 35. Rf3 Qb6 36. Qf6+ Kg8 37. Rg3 Qc7 38. h4 Kh7 39. h5 Rg8 40. Be2 a5 41. Bg4 Rg7 42. Bf5 Rag8 43. hxg6+ fxg6 44. Be6 Rb8 45. Rh3 Qe7 46. Qf3 Qg5+ 47. Rg3 Qf4 0-1

[Event "HUN-chT2 Asztalos 0809"]
[Site "Hungary"]
[Date "2009.04.05"]
[Round "10"]
[White "Fekete, Karoly"]
[Black "Zsigmond, Karoly"]
[Result "0-1"]
[WhiteElo "2131"]
[BlackElo "2062"]
[PlyCount "66"]
[EventDate "2008.10.26"]
[EventType "team-tourn"]
[EventRounds "11"]
[EventCountry "HUN"]
[SourceTitle "EXT 2010"]
[Source "ChessBase"]
[SourceDate "2010.11.25"]
[SourceVersion "1"]
[SourceVersionDate "2010.11.25"]
[SourceQuality "1"]
[WhiteTeam "Baja"]
[BlackTeam "Dunaujvaros"]
[WhiteTeamCountry "HUN"]
[BlackTeamCountry "HUN"]

1. d4 d5 2. Bf4 Nf6 3. e3 c5 4. c3 Nc6 5. Nf3 Qb6 6. Na3 c4 7. Qc1 Bf5 8. Be2 e6 9. Nb1 Be7 10. Nbd2 0-0 11. b3 cxb3 12. axb3 Rfc8 13. 0-0 Ne4 14. Qb2 a5 15. c4 Nxd2 16. Nxd2 Nb4 17. c5 Qd8 18. Rfc1 b6 19. cxb6 Qxb6 20. Rc3 Nc6 21. g4 Bg6 22. h4 h6 23. h5 Bh7 24. Bd3 Bxd3 25. Rxd3 Nb4 26. Rc3 Qa6 27. Rxc8+ Rxc8 28. Rc1 Nd3 29. Rxc8+ Qxc8 30. Qb1 Qc3 31. Nf3 Qc1+ 32. Qxc1 Nxc1 33. Nd2 Bb4 0-1

[Event "HUN-chT2 Asztalos 0809"]
[Site "Hungary"]
[Date "2009.03.08"]
[Round "9"]
[White "Drinoczi, Peter"]
[Black "Zsigmond, Karoly"]
[Result "0-1"]
[WhiteElo "2080"]
[BlackElo "2062"]
[PlyCount "68"]
[EventDate "2008.10.26"]
[EventType "team-tourn"]
[EventRounds "11"]
[EventCountry "HUN"]
[SourceTitle "EXT 2010"]
[Source "ChessBase"]
[SourceDate "2010.11.25"]
[SourceVersion "1"]
[SourceVersionDate "2010.11.25"]
[SourceQuality "1"]
[WhiteTeam "Pannonpower II"]
[BlackTeam "Dunaujvaros"]
[WhiteTeamCountry "HUN"]
[BlackTeamCountry "HUN"]

1. d4 d5 2. Nf3 Nf6 3. Bf4 c5 4. e3 Qb6 5. Qc1 Nc6 6. c3 Bf5 7. Nbd2 e6 8. Be2 Rc8 9. 0-0 cxd4 10. exd4 Be7 11. h3 0-0 12. a3 a5 13. b3 Ne4 14. Qb2 g5 15. Bh2 Bf6 16. Nxe4 Bxe4 17. Rac1 h6 18. Nd2 Bg6 19. a4 e5 20. dxe5 Nxe5 21. Kh1 Nd3 22. Bxd3 Bxd3 23. Rfe1 Rfe8 24. Nf3 Rxe1+ 25. Nxe1 Be4 26. Bg1 Qc6 27. Qe2 d4 28. f3 Bf5 29. c4 Re8 30. Qd2 Qb6 31. Qa2 Qb4 32. Bf2 d3 33. Rd1 Re2 34. Qb1 Rxf2 0-1

[Event "HUN-chT2 Asztalos 0809"]
[Site "Hungary"]
[Date "2009.01.11"]
[Round "5"]
[White "Zsigmond, Karoly"]
[Black "Horvath, Janos"]
[Result "1/2-1/2"]
[WhiteElo "2062"]
[BlackElo "2101"]
[PlyCount "46"]
[EventDate "2008.10.26"]
[EventType "team-tourn"]
[EventRounds "11"]
[EventCountry "HUN"]
[SourceTitle "EXT 2010"]
[Source "ChessBase"]
[SourceDate "2010.11.25"]
[SourceVersion "1"]
[SourceVersionDate "2010.11.25"]
[SourceQuality "1"]
[WhiteTeam "Dunaujvaros"]
[BlackTeam "Szenna Pack II"]
[WhiteTeamCountry "HUN"]
[BlackTeamCountry "HUN"]

1. d4 Nf6 2. c4 e6 3. Nf3 b6 4. g3 Ba6 5. b3 Bb4+ 6. Bd2 Be7 7. Bg2 Bb7 8. 0-0 0-0 9. Bc3 d5 10. Nbd2 c6 11. Ne5 Nfd7 12. Nxd7 Nxd7 13. e4 Rc8 14. Rc1 Re8 15. Re1 c5 16. exd5 exd5 17. cxd5 Nf6 18. d6 Bxg2 19. Kxg2 Bxd6 20. Rxe8+ Nxe8 21. dxc5 Bxc5 22. Ne4 Qe7 23. Qf3 Bd4 1/2-1/2